Tom, dad and colin / (Record no. 49259)
| 000 -LEADER | |
|---|---|
| fixed length control field | 00307nam a2200109 4500 |
| 020 ## - INTERNATIONAL STANDARD BOOK NUMBER | |
| International Standard Book Number | 9780198332558 |
| 100 ## - MAIN ENTRY--PERSONAL NAME | |
| Personal name | Burchett, Jan |
| 9 (RLIN) | 86520 |
| 245 ## - TITLE STATEMENT | |
| Title | Tom, dad and colin / |
| Statement of responsibility, etc | Jan Burchett and Sara Vogler |
| 260 ## - PUBLICATION, DISTRIBUTION, ETC. (IMPRINT) | |
| Place of publication, distribution, etc | UK |
| Name of publisher, distributor, etc | Oxford University Press |
| Date of publication, distribution, etc | 2014 |
| 300 ## - PHYSICAL DESCRIPTION | |
| Extent | 32 p. |
| Other physical details | col. ill. |
| Dimensions | 22 cm. |
| 942 ## - ADDED ENTRY ELEMENTS (KOHA) | |
| Source of classification or shelving scheme | |
| Koha item type | Book |
| Withdrawn status | Lost status | Source of classification or shelving scheme | Damaged status | Not for loan | Collection code | Home library | Current library | Shelving location | Date acquired | Total Checkouts | Full call number | Barcode | Date last seen | Price effective from | Koha item type | Public note |
|---|---|---|---|---|---|---|---|---|---|---|---|---|---|---|---|---|
| TEACHERS' RESOURCES | Asian Hope Early Years Library | Asian Hope Early Years Library | Easy Reading | 08/13/2025 | E BUR | 209267 | 08/13/2025 | 08/13/2025 | Book | YEAR 1 BOOK |